Normal view
MARC view
Entry Personal Name
001 - CONTROL NUMBER
- control field: 52957
003 - CONTROL NUMBER IDENTIFIER
- control field: OSt
005 - DATE AND TIME OF LATEST TRANSACTION
- control field: 20160420151859.0
008 - FIXED-LENGTH DATA ELEMENTS
- fixed length control field: 160420|| aca||aabn | a|a d
040 ## - CATALOGING SOURCE
- Original cataloging agency: OSt
- Transcribing agency: OSt
100 ## - HEADING--PERSONAL NAME
- Personal name: स्वर्गीय एस डब्ल्यू फैलन
670 ## - SOURCE DATA FOUND
- Source citation: Work cat.: (OSt)22912: स्वर्गीय एस डब्ल्यू फैलन, हिन्दुस्तानी कहावत कोश , 1968









